000 00936nam a22003377a 4500
001 BR8803579
003 BR-BrBNA
005 20230928092937.0
007 ta
008 230509b bl.||||| |||| 00| 0 por d
040 _aBR-BrBNA
_bpor
_cBiblioteca Nacional de Agricultura
041 _a(Por)
072 _aF01; F30; P30
_b0336
_b0120
_b/G514
090 _ 0336 BR8803579
110 1 _aOrganizacao das Cooperativas do Estado do Parana, Cascavel (Brasil)
_97725
245 1 _aResultados de pesquisa na safra de verao 1985/86 [soja, milho, Parana]
260 3 _aCascavel, PR (Brasil):
_c1986.
300 _a134 p.
500 _a66 tables
650 _aSOJA
650 _aMILHO
650 _aVARIEDADE
650 _aPESQUISA
650 _aSOLO
650 _aMELHORAMENTO VEGETAL
650 _aPRATICA CULTURAL
650 _aDEFESA VEGETAL
650 _aPARANA
909 _a202309
_bLucia
_c55
_dLucia Elande
942 _cBK
999 _c42121
_d42121